Najmniejsze miasta w Ekstraklasie - Statystyki

Ogólne statystyki
  • Ten quiz został rozwiązany 301 razy
  • Średni wynik to 5 z 15
Statystyki odpowiedzi
Liczba ludności Miejscowość % Poprawnych
723 Nieciecza (Termalica)
95%
18812 Łęczna (Górnik)
60%
11305 Wronki (Amica, obecnie Lech Poznań)
53%
14644 Grodzisk Wielkopolski (Dyskobolia)
49%
48345 Wodzisław Śląski (Odra)
31%
22487 Polkowice (Górnik)
30%
46409 Radomsko (RKS)
30%
16818 Radzionków (Ruch)
28%
8008 Pniewy (Sokół, obecnie GKS Tychy)
27%
28660 Nowy Dwór Mazowiecki (Świt)
25%
45634 Dębica (Igloopol)
23%
46907 Tarnobrzeg (Siarka)
21%
17861 Radlin (Górnik)
17%
50385 Świętochłowice (Śląsk)
12%
12454 Niedobczyce (Rymer, obecnie Rymer Rybnik)
6%
Nie znaleziono quizów pasujących do podanych kryteriów
Rozkład punktacji
Procent ludzi z każdym wynikiem
Percentyl według liczby udzielonych odpowiedzi
Twoja historia wyników
Nie rozwiązałeś tego quizu